Výskum stabilizácie lesných ciest popolčekmi v Krakovskej oblasti

Bibliographic Details
Main Authors: Kocwanski, Stanislav (Author), Nowakowska-Moryl, Jadwiga (Author)
Format: Article
Language:Slovak
PhysicalDescription:Obr. 5. Tb. 5. Res. angl., rus., nem.
Subjects:

MARC

LEADER 00000nab a2200000 a 4500
001 vtls000109367
003 SK-MaSNL
005 20260304052637.0
008 250422c1981 xo 0 slo
015 |a SNBRA19rr/mm-uuuuu 
035 |a CL0119470 
035 |a urn:nbn:sk:snk-aba9db 
035 |a (urnnbn)urn:nbn:sk:snk:ar-a09ln1 
035 |a (uuid)5e49d0ed-1a4d-4601-8d9d-8565d82ab729 
040 |a SNKBUCL  |b slo  |c SNKBUCL  |e AACR2 
041 0 |a slo 
044 |a xo  |c SK 
080 |a 630 38  |2 1981 
080 |a 625.7/.8  |2 1981 
100 1 |a Kocwanski, Stanislav  |4 aut  |9 1336114 
245 1 0 |a Výskum stabilizácie lesných ciest popolčekmi v Krakovskej oblasti  |c Stanislav Kocwanski, Jadwiga Nowakowska-Moryl 
300 |b Obr. 5. Tb. 5. Res. angl., rus., nem. 
650 0 7 |a lesné cesty  |2 snkbucl  |9 85151 
650 0 7 |a popolčeky  |2 snkbucl  |9 31188 
655 7 |a články zo zborníkov  |2 snkbucl  |9 166140 
700 1 |a Nowakowska-Moryl, Jadwiga  |4 aut  |9 939690 
773 0 |t Acta Facultatis forestalis Zvolen 23  |d Bratislava : Príroda, 1981  |g S. 195-205 
850 |a Slovenská národná knižnica 
852 |a Slovenská národná knižnica 
954 |a odborná, vedecká literatúra pôvodná (slovenská)  |2 lita 
958 |a article13 
958 |a OND 
958 |a RK 
958 |a PL 
958 |a EUIPO 
992 |a RZB 
999 |c 2709180  |d 2711110